[Event "Mittelrhein Verbandsliga West 1920"]
[Site "Mittelrhein"]
[Date "2019.11.17"]
[Round "3.6"]
[White "Joerres, Michael"]
[Black "Maass, Andre"]
[Result "1/2-1/2"]
[WhiteElo "1765"]
[BlackElo "1749"]
[PlyCount "91"]
[EventDate "2019.09.29"]
[EventType "team-tourn"]
[EventRounds "9"]
[EventCountry "GER"]
[SourceTitle "EXT 2023"]
[Source "ChessBase"]
[SourceDate "2022.10.05"]
[SourceVersion "1"]
[SourceVersionDate "2022.10.05"]
[SourceQuality "1"]
[WhiteTeam "Eschweiler SC"]
[BlackTeam "Aachen SV III"]
[WhiteTeamCountry "GER"]
[BlackTeamCountry "GER"]

1. d4 Nf6 2. c4 d6 3. Nf3 Nbd7 4. Bf4 e6 5. h3 Be7 6. Nc3 c6 7. e3 0-0 8. Be2 Re8 9. 0-0 Bf8 10. Qc2 e5 11. dxe5 dxe5 12. Bh2 Qc7 13. a3 g6 14. Rfc1 Bg7 15. b4 b6 16. Nd2 Bb7 17. Bf3 Nf8 18. Nb3 Qc8 19. Rab1 Qe6 20. Ne4 Nxe4 21. Bxe4 f5 22. Bf3 e4 23. Be2 Rad8 24. c5 b5 25. Rd1 Be5 26. a4 Bxh2+ 27. Kxh2 Qe5+ 28. g3 a6 29. Nd4 Ne6 30. Qa2 Kf7 31. axb5 axb5 32. Nxe6 Qxe6 33. Qa5 Ra8 34. Qc7+ Re7 35. Qf4 Rd7 36. Rxd7+ Qxd7 37. Rd1 Qe7 38. Rd4 Rd8 39. Qh6 Kg8 40. Bd1 Rxd4 41. exd4 Bc8 42. Qf4 Be6 43. Qe5 Qd7 44. h4 Bd5 45. Qb8+ Kg7 46. Qe5+ 1/2-1/2

[Event "Mittelrhein Verbandsliga-W 17/18"]
[Site "Nordrheinwestfalen"]
[Date "2018.04.15"]
[Round "10.8"]
[White "Fournell, Udo"]
[Black "Maass, Andre"]
[Result "1-0"]
[WhiteElo "1846"]
[BlackElo "1646"]
[PlyCount "73"]
[EventDate "2017.09.10"]
[EventType "team-tourn"]
[EventRounds "11"]
[EventCountry "GER"]
[SourceTitle "EXT 2022"]
[Source "ChessBase"]
[SourceDate "2021.10.06"]
[SourceVersion "1"]
[SourceVersionDate "2021.10.06"]
[SourceQuality "1"]
[WhiteTeam "Aachen PTSV"]
[BlackTeam "Aachen SV III"]
[WhiteTeamCountry "GER"]
[BlackTeamCountry "GER"]

1. e4 c5 2. Nf3 Nc6 3. d4 cxd4 4. Nxd4 Nf6 5. Nc3 e5 6. Ndb5 d6 7. Bg5 a6 8. Bxf6 gxf6 9. Na3 b5 10. Nd5 Bg7 11. Bd3 Be6 12. c4 Nd4 13. 0-0 Rb8 14. Nc2 Nxc2 15. Qxc2 0-0 16. cxb5 axb5 17. Ne3 Qd7 18. Rfd1 Kh8 19. Qe2 Rg8 20. a3 Bh6 21. Nd5 Rg6 22. g3 Bg4 23. f3 Be6 24. Kh1 Bh3 25. a4 bxa4 26. Qc2 Rbg8 27. Qxa4 Qxa4 28. Rxa4 Rb8 29. b4 Be6 30. Bc4 Bxd5 31. Rxd5 Rc8 32. b5 Be3 33. Rxd6 f5 34. Rd1 f4 35. g4 Kg7 36. Rd7 Rf8 37. Ra6 1-0

[Event "Mittelrhein Verbandsliga-W 17/18"]
[Site "Nordrheinwestfalen"]
[Date "2018.01.14"]
[Round "6.6"]
[White "Bozidarevic, Slobodan"]
[Black "Maass, Andre"]
[Result "1-0"]
[WhiteElo "1853"]
[BlackElo "1646"]
[PlyCount "121"]
[EventDate "2017.09.10"]
[EventType "team-tourn"]
[EventRounds "11"]
[EventCountry "GER"]
[SourceTitle "EXT 2022"]
[Source "ChessBase"]
[SourceDate "2021.10.06"]
[SourceVersion "1"]
[SourceVersionDate "2021.10.06"]
[SourceQuality "1"]
[WhiteTeam "Eschweiler SC"]
[BlackTeam "Aachen SV III"]
[WhiteTeamCountry "GER"]
[BlackTeamCountry "GER"]

1. Nf3 Nf6 2. b3 d5 3. Bb2 Bf5 4. d3 e6 5. Nh4 Bg4 6. h3 Bh5 7. g4 Nfd7 8. Ng2 Bg6 9. Nf4 Nf6 10. Bg2 c6 11. e3 h6 12. Nxg6 fxg6 13. Nd2 Be7 14. Qe2 Qc7 15. d4 Nbd7 16. Qd3 Nf8 17. 0-0-0 0-0-0 18. Kb1 g5 19. Nf3 N8d7 20. Ne5 Nxe5 21. dxe5 Nd7 22. Qg6 Nf8 23. Qd3 Nd7 24. Qg6 Nf8 25. Qf7 Rd7 26. Qf3 Ng6 27. Qg3 Bc5 28. Rhf1 Rf8 29. Bf3 Rdf7 30. Be2 a5 31. Bd3 Rf3 32. Qh2 Ne7 33. Be2 R3f7 34. Qg3 Qb6 35. Bc1 a4 36. f4 axb3 37. cxb3 gxf4 38. exf4 g6 39. Bd3 d4 40. Be4 Kc7 41. Qd3 Ra8 42. Bxg6 Rff8 43. Be4 Ra5 44. f5 Rfa8 45. Rf2 Qa7 46. Rdd2 Bb4 47. Rc2 Rxe5 48. Bf4 Bd6 49. Bxe5 Bxe5 50. fxe6 Qa5 51. Qd2 Qa3 52. Rf3 Kd6 53. Qxh6 b6 54. Qc1 Qxc1+ 55. Rxc1 Kxe6 56. Bxc6 Rd8 57. Be4 Nd5 58. Rc6+ Ke7 59. Bxd5 Rxd5 60. Kc2 Ra5 61. a4 1-0

[Event "Mittelrhein Verbandsliga-W 17/18"]
[Site "Nordrheinwestfalen"]
[Date "2017.10.22"]
[Round "3.7"]
[White "Luedtke, Wolfgang"]
[Black "Maass, Andre"]
[Result "1/2-1/2"]
[WhiteElo "1613"]
[BlackElo "1599"]
[PlyCount "69"]
[EventDate "2017.09.10"]
[EventType "team-tourn"]
[EventRounds "11"]
[EventCountry "GER"]
[SourceTitle "EXT 2022"]
[Source "ChessBase"]
[SourceDate "2021.10.06"]
[SourceVersion "1"]
[SourceVersionDate "2021.10.06"]
[SourceQuality "1"]
[WhiteTeam "Bruehl III"]
[BlackTeam "Aachen SV III"]
[WhiteTeamCountry "GER"]
[BlackTeamCountry "GER"]

1. g3 d5 2. Bg2 Nf6 3. Nf3 Bf5 4. d4 e6 5. Nh4 Bg4 6. h3 Bh5 7. g4 Ne4 8. Bxe4 dxe4 9. Ng2 Bg6 10. Nf4 c6 11. Nc3 Bb4 12. Nxg6 hxg6 13. Bf4 Nd7 14. Qd2 Qa5 15. 0-0 0-0-0 16. Qe3 Nf6 17. a3 Bxc3 18. bxc3 Nd5 19. Qxe4 Nxf4 20. Qxf4 Rxh3 21. Kg2 Rdh8 22. Rh1 Qxc3 23. e3 Rxh1 24. Rxh1 Rxh1 25. Kxh1 f5 26. gxf5 gxf5 27. Qe5 Qc4 28. Kg1 g5 29. Qh8+ Kc7 30. Qg7+ Kd6 31. Qxg5 Kc7 32. Qe7+ Kb6 33. Qd8+ Ka6 34. Qd6 Kb6 35. Qd8+ 1/2-1/2